Spôsoby financovania startupov bakalárska práca

Gespeichert in:
Bibliographische Detailangaben
1. Verfasser: Kovačovský, Matej
Körperschaft: Fakulta podnikového manažmentu EU. Katedra manažmentu
Weitere Verfasser: Bednár, Richard, 1985-
Format: Buch
Sprache:Slowakisch
Veröffentlicht: Bratislava 2017
Tags: Tag hinzufügen
Keine Tags, Fügen Sie das erste Tag hinzu!

MARC

LEADER 00000nbm a2200000 4500
001 0232445
005 20171215124813.3
041 0 |a slo 
044 |a SK 
245 1 0 |a Spôsoby financovania startupov  |b bakalárska práca  |c Matej Kovačovský ; školiteľ: Richard Bednár 
264 1 |a Bratislava  |c 2017 
300 |a 50 s. 
100 1 |a Kovačovský, Matej 
700 1 |a Bednár, Richard, 1985- 
710 2 |a Fakulta podnikového manažmentu EU. Katedra manažmentu